01465nam a22003257a 45000010005000000030006000050050017000110080041000280200030000690400035000990420008001340430022001420500016001640820017001801000074001972450069002712640038003403000023003783360026004013370028004273380027004555200391004825210019008736000031008926000054009236500045009776500044010226500045010666550028011111557FISKH20230906162430.0230906b cb ||||| |||| 00| 0 eng d a9789387779686 (hardcover) aDLCbengcDLCerdadDLCdFISKH apcc ae-uk-enan-us----00aPR1309b.D400a823/.0108351 aDoyle, Arthur ConancSird1859-1930.qSir Arthur Ignatius Conan Doyle04aThe complete novels of Sherlock Holmes /cSir Arthur Conan Doyle 1aNew Delhi :bPrakash Books,c2023 a632 pages :c23 cm atextbtxt2rdacontent aunmediatedbn2rdamedia avolumebnc2rdacarrier aIndulge in the complete adventures of the world's greatest detective with The Complete Novel of Sherlock Holmes. This deluxe hardbound edition features: A Study in Scarlet (1887), The Sign of the Four (1890), The Hound of the Baskervilles (1902), and The Valley of Fear (1915), elegantly presented with a durable hardcover, making it a treasured addition to any book lover's collection.8 a1020 bLexile10aHolmes, SherlockvFiction.10aWatson, John H.c(Fictitious character)vFiction. 0aPrivate investigatorszEnglandvFiction. 0aDetective and mystery stories, English. 0aDetective and mystery stories, American. 7aMystery fiction.2gsafd